[Event "II Sofia open championship"]
[Site "?"]
[Date "2011.10.08"]
[Round "7.1"]
[White "Nikolov, Sasho"]
[Black "Petkov, Vladimir"]
[Result "1-0"]
[WhiteElo "2404"]
[BlackElo "2511"]
[PlyCount "67"]
[EventDate "2011.10.03"]
[SourceDate "2011.10.03"]

1. e4 e5 2. Nf3 Nc6 3. Bc4 Bc5 4. O-O Nf6 5. d3 O-O 6. Nbd2 a6 7. Bb3 Re8 8. c3
d5 9. exd5 Nxd5 10. Ne4 Bf8 11. Nfg5 Be6 12. Qf3 Qd7 13. Nxe6 fxe6 14. Ng5 Rad8
15. Qe4 g6 16. a4 Qe7 17. a5 Qf6 18. Ra4 h6 19. Nf3 Bg7 20. Re1 Kh7 21. Bc2 Rf8
22. Qh4 Nf4 23. Bxf4 exf4 24. Rxe6 Qf5 25. h3 Ne5 26. Re4 Nxf3+ 27. gxf3 Qxa5
28. d4 Rd5 29. R4e5 Rxe5 30. dxe5 Qa1+ 31. Kg2 Qxb2 32. Be4 Kg8 33. Rxg6 Qxc3
34. Qe7 1-0

[Event "II Sofia open championship"]
[Site "?"]
[Date "2011.10.08"]
[Round "7.5"]
[White "Kukov, Velislav"]
[Black "Andreev, Stanislav"]
[Result "1-0"]
[WhiteElo "2425"]
[BlackElo "2201"]
[PlyCount "53"]
[EventDate "2011.10.03"]
[SourceDate "2011.10.03"]

1. Nf3 Nf6 2. c4 e6 3. g3 b6 4. Bg2 Bb7 5. O-O Be7 6. Nc3 O-O 7. Re1 c5 8. e4
d6 9. d4 Nfd7 10. d5 e5 11. Be3 Re8 12. Rf1 Nf8 13. Ne1 Bf6 14. Nd3 Nbd7 15.
Qd2 g6 16. Rae1 a6 17. a4 Bg7 18. Kh1 f5 19. f4 exf4 20. Bxf4 fxe4 21. Nxe4 Ne5
22. Nxe5 Bxe5 23. Bg5 Qc7 24. Qf2 Bd4 25. Qf4 Be5 26. Nf6+ Bxf6 27. Qxf6 1-0

[Event "II Sofia open championship"]
[Site "?"]
[Date "2011.10.08"]
[Round "7.6"]
[White "Badev, Kiril"]
[Black "Gocheva, Rumiana"]
[Result "1-0"]
[WhiteElo "2317"]
[BlackElo "2152"]
[PlyCount "41"]
[EventDate "2011.10.03"]
[SourceDate "2011.10.03"]

1. e4 c5 2. Nf3 Nc6 3. d4 cxd4 4. Nxd4 Nf6 5. Nc3 d6 6. Bg5 Bd7 7. Qd2 h6 8.
Bxf6 gxf6 9. O-O-O Nxd4 10. Qxd4 Qa5 11. Kb1 Rg8 12. Nd5 f5 13. exf5 Bxf5 14.
Qe3 Rg6 15. Bb5+ Kd8 16. a4 Rc8 17. Rd2 Rg4 18. f4 Rxc2 19. Rxc2 Bxc2+ 20. Kxc2
Rxg2+ 21. Kc1 1-0

[Event "II Sofia open championship"]
[Site "?"]
[Date "2011.10.08"]
[Round "7.19"]
[White "Kostov, Nikolay"]
[Black "Miteva, Silvena"]
[Result "0-1"]
[WhiteElo "1981"]
[BlackElo "1676"]
[PlyCount "58"]
[EventDate "2011.10.03"]
[SourceDate "2011.10.03"]

1. d4 d5 2. c4 e5 3. dxe5 d4 4. Nf3 Nc6 5. g3 Bg4 6. Bg2 Qd7 7. Qb3 Rb8 8. O-O
Nge7 9. Re1 Ng6 10. Nbd2 Ngxe5 11. Nxe5 Nxe5 12. f4 Nc6 13. e4 Bc5 14. Kh1 d3
15. a3 Be2 16. Bf1 Bf2 17. Rxe2 dxe2 18. Bxe2 Nd4 19. Qd3 Nxe2 20. Qxe2 Bd4 21.
Nf3 c5 22. Qc2 Qc6 23. Kg2 Rd8 24. Bd2 O-O 25. Re1 Rfe8 26. Bc1 Re7 27. Re2
Rde8 28. Nxd4 cxd4 29. Kf3 f5 0-1

[Event "II Sofia open championship"]
[Site "?"]
[Date "2011.10.08"]
[Round "7.2"]
[White "Banov, Boil"]
[Black "Orev, Petar"]
[Result "1/2-1/2"]
[WhiteElo "2127"]
[BlackElo "2204"]
[PlyCount "73"]
[EventDate "2011.10.03"]
[SourceDate "2011.10.03"]

1. c4 c5 2. Nc3 Nc6 3. g3 g6 4. Bg2 Bg7 5. e4 d6 6. d3 e5 7. Nge2 Nge7 8. O-O
O-O 9. h3 Be6 10. Kh2 Qd7 11. Rb1 a6 12. Nd5 Rab8 13. Bh6 f6 14. Bxg7 Kxg7 15.
a4 b5 16. axb5 axb5 17. Nxe7 Qxe7 18. b3 bxc4 19. bxc4 Rxb1 20. Qxb1 Rb8 21.
Qc2 Qb7 22. f4 Qb3 23. Qxb3 Rxb3 24. f5 Bf7 25. fxg6 hxg6 26. Rd1 Nb4 27. Nc1
Rc3 28. g4 Kh6 29. h4 Be6 30. Bf3 Bd7 31. Be2 Kg7 32. Kg2 Ba4 33. Rf1 Bc2 34.
g5 fxg5 35. hxg5 Bb1 36. Rd1 Bc2 37. Rf1 1/2-1/2

[Event "II Sofia open championship"]
[Site "?"]
[Date "2011.10.08"]
[Round "7.7"]
[White "Gochev, Mladen"]
[Black "Stoyanov, Tihomir"]
[Result "1-0"]
[WhiteElo "2253"]
[BlackElo "2190"]
[PlyCount "75"]
[EventDate "2011.10.03"]
[SourceDate "2011.10.03"]

1. d4 Nf6 2. Nf3 e6 3. Bg5 d5 4. e3 b6 5. Nbd2 Bb7 6. Ne5 Be7 7. Bb5+ c6 8. Bd3
Nfd7 9. Bxe7 Qxe7 10. f4 f5 11. Qh5+ g6 12. Qh6 Nxe5 13. fxe5 Ba6 14. Bxa6 Nxa6
15. O-O-O Kd7 16. h4 Qf8 17. Qf4 h5 18. Nf3 Qe7 19. Kb1 Nc7 20. Ng5 Rhf8 21.
Rh3 a5 22. Rg3 a4 23. a3 Nb5 24. Ka2 Nc7 25. Nh3 Rg8 26. Rg5 Rg7 27. Qg3 Rag8
28. Nf4 Qf7 29. Rc1 b5 30. Qe1 Qe7 31. Qc3 Na6 32. Qa5 Nc7 33. Rf1 Ke8 34. Qb6
Kf7 35. Nd3 Ra8 36. Qxc6 Rgg8 37. Nc5 Kg7 38. Qxc7 1-0

[Event "II Sofia open championship"]
[Site "?"]
[Date "2011.??.07"]
[Round "7.4"]
[White "Trickov, Vasil"]
[Black "Spassov, Liuben"]
[Result "1/2-1/2"]
[WhiteElo "2319"]
[BlackElo "2367"]
[PlyCount "150"]
[EventDate "2011.10.03"]
[SourceDate "2011.10.03"]

1. d4 Nf6 2. Nf3 c5 3. c4 cxd4 4. Nxd4 Nc6 5. Nc3 Qb6 6. e3 g6 7. Be2 Bg7 8.
O-O O-O 9. a3 d6 10. b4 a5 11. b5 Ne5 12. Bb2 Ned7 13. Na4 Qc7 14. Rc1 Ne4 15.
Bf3 Nec5 16. Nc3 e6 17. a4 Nb6 18. Be2 e5 19. Nf3 Be6 20. Nd2 f5 21. e4 Qe7 22.
Ba3 Rfc8 23. Nb3 Nxb3 24. Qxb3 Nxc4 25. Nd5 Bxd5 26. Bxc4 Bxc4 27. Rxc4 Kh8 28.
Rd1 Rxc4 29. Qxc4 Rd8 30. Qc3 fxe4 31. Qxa5 Bf8 32. Qb6 Rd7 33. Qe3 Qe6 34.
Qxe4 d5 35. Qf3 Bxa3 36. Qxa3 Kg7 37. a5 d4 38. a6 bxa6 39. bxa6 Ra7 40. Ra1
Qc6 41. Qa5 Qd6 42. Qa3 Qxa3 43. Rxa3 Kf6 44. Kf1 Kf5 45. Ke2 e4 46. f3 e3 47.
Kd3 h5 48. Ra5+ Kf6 49. h4 Ke6 50. g3 Kf6 51. Ra2 Kf5 52. Ra1 Kf6 53. Ra5 Ke6
54. Ra2 Kf6 55. Kxd4 e2 56. Rxe2 Rxa6 57. Rc2 Rd6+ 58. Ke4 Re6+ 59. Kf4 Ra6 60.
Rc4 Rb6 61. Ke4 Re6+ 62. Kd5 Re1 63. Rf4+ Kg7 64. Re4 Rg1 65. g4 hxg4 66. fxg4
Rh1 67. g5 Kf7 68. Rf4+ Kg7 69. Rc4 Kf7 70. Rc7+ Kg8 71. Ke6 Rf1 72. Ra7 Rf2
73. Ke5 Rf5+ 74. Ke6 Rf2 75. Rb7 Rf1 1/2-1/2

[Event "II Sofia open championship"]
[Site "?"]
[Date "2011.10.07"]
[Round "7.9"]
[White "Bedecs, Marton"]
[Black "Stamenov, Valeriy"]
[Result "0-1"]
[WhiteElo "1706"]
[BlackElo "1938"]
[PlyCount "98"]
[EventDate "2011.10.03"]
[SourceDate "2011.10.03"]

1. e4 e5 2. Nf3 Nc6 3. Bc4 Nf6 4. d3 h6 5. Be3 d6 6. Nbd2 Ng4 7. O-O Be6 8. d4
Nxe3 9. fxe3 Bxc4 10. Nxc4 Be7 11. d5 Nb8 12. Qe2 O-O 13. Nfd2 Nd7 14. Na5 Rb8
15. Nab3 Nf6 16. Rac1 Qd7 17. a3 Qa4 18. Qf3 b6 19. c4 a5 20. Rc3 Qd7 21. h3 c5
22. Rc2 a4 23. Nc1 b5 24. Nd3 bxc4 25. Nxc4 Qa7 26. Rd1 Qa6 27. Rdc1 Nd7 28.
Qf1 g6 29. g4 Kg7 30. Qg2 Rb3 31. Rc3 Rxc3 32. Rxc3 Nb6 33. Nxb6 Qxb6 34. Qf2
Qa6 35. Qf1 Bg5 36. Qf2 Qc8 37. Qg3 Bd8 38. Qg2 Qa6 39. Qf1 Rh8 40. Kf2 Qb7 41.
Qc1 h5 42. Rc4 hxg4 43. hxg4 Qe7 44. Qf1 Qg5 45. Rc3 Ba5 46. b4 cxb4 47. axb4
Bxb4 48. Rc4 Bc5 49. Rxa4 Bxe3+ 0-1

[Event "II Sofia open championship"]
[Site "?"]
[Date "2011.10.08"]
[Round "8.1"]
[White "Kukov, Velislav"]
[Black "Nikolov, Sasho"]
[Result "1/2-1/2"]
[WhiteElo "2425"]
[BlackElo "2404"]
[PlyCount "50"]
[EventDate "2011.10.03"]
[SourceDate "2011.10.03"]

1. Nf3 d5 2. c4 e6 3. g3 Nf6 4. Bg2 Be7 5. d4 O-O 6. Qc2 Nbd7 7. O-O c6 8. Nbd2
b6 9. e4 Bb7 10. e5 Ne8 11. cxd5 cxd5 12. Re1 Qc7 13. Qa4 Qc6 14. Qb3 Rc8 15.
Nf1 Qc2 16. Qxc2 Rxc2 17. Ne3 Rc8 18. Bd2 Nc7 19. Rec1 Na6 20. a3 Rxc1+ 21.
Rxc1 Rc8 22. Rxc8+ Bxc8 23. Nd1 Nc7 24. Bf1 Ba6 25. Ne1 f6 1/2-1/2

[Event "II Sofia open championship"]
[Site "?"]
[Date "2011.10.08"]
[Round "8.2"]
[White "Petkov, Vladimir"]
[Black "Banov, Boil"]
[Result "1-0"]
[WhiteElo "2511"]
[BlackElo "2127"]
[PlyCount "29"]
[EventDate "2011.10.03"]
[SourceDate "2011.10.03"]

1. d4 d5 2. c4 c6 3. Nf3 Nf6 4. Nc3 dxc4 5. a4 Bg4 6. Ne5 Bh5 7. h3 e6 8. g4
Bg6 9. Bg2 Nbd7 10. Nxc4 Bb4 11. O-O h5 12. g5 Nd5 13. e4 N5b6 14. Ne3 Qxg5 15.
Ned5 1-0

[Event "II Sofia open championship"]
[Site "?"]
[Date "2011.10.08"]
[Round "8.6"]
[White "Spassov, Liuben"]
[Black "Stamenov, Valeriy"]
[Result "1-0"]
[WhiteElo "2367"]
[BlackElo "1938"]
[PlyCount "175"]
[EventDate "2011.10.03"]
[SourceDate "2011.10.03"]

1. d4 d5 2. c4 c6 3. Nf3 e6 4. Qc2 Nf6 5. Bg5 Be7 6. e3 Nbd7 7. Nc3 O-O 8. Rd1
h6 9. Bh4 a6 10. a3 Nh7 11. Bxe7 Qxe7 12. Bd3 Nhf6 13. O-O Nb6 14. cxd5 exd5
15. h3 Nbd7 16. Rfe1 Re8 17. e4 dxe4 18. Nxe4 Nxe4 19. Rxe4 Qf8 20. Rxe8 Qxe8
21. Re1 Qf8 22. Bc4 Nb6 23. Ba2 Nd5 24. Bxd5 cxd5 25. Qc7 Be6 26. Qxb7 Rb8 27.
Qxa6 Rxb2 28. Ra1 Qb8 29. a4 Rxf2 30. Kxf2 Qb2+ 31. Kg3 Qxa1 32. a5 Bf5 33.
Qa8+ Kh7 34. Qxd5 Qb1 35. Qxf7 Be4 36. a6 Bxf3 37. Qxf3 Qg6+ 38. Kh2 Qxa6 39.
Qf5+ Kg8 40. Qe5 Kf7 41. Qc7+ Kf6 42. d5 Qe2 43. Qf4+ Ke7 44. h4 Qe1 45. Qg3
Qe4 46. Qxg7+ Kd6 47. Qxh6+ Kxd5 48. Qg5+ Kd6 49. Kh3 Qe6+ 50. Qg4 Qa2 51. h5
Qa1 52. Qf4+ Ke7 53. Kg4 Qg1 54. g3 Qd1+ 55. Kg5 Qd5+ 56. Kh6 Qc6+ 57. Kg5 Qd5+
58. Qf5 Qg8+ 59. Qg6 Qd5+ 60. Kh6 Kf8 61. g4 Qd2+ 62. g5 Qd7 63. Qf6+ Kg8 64.
g6 Qd2+ 65. Qg5 Qd7 66. Qf4 Qg7+ 67. Kg5 Qe7+ 68. Kg4 Qe2+ 69. Kh4 Qe7+ 70. Kg3
Qe1+ 71. Kg4 Qe2+ 72. Qf3 Qe6+ 73. Qf5 Qe2+ 74. Kf4 Qd2+ 75. Ke5 Qc3+ 76. Kd6
Qb4+ 77. Qc5 Qf4+ 78. Kc6 Qe4+ 79. Kc7 Qf4+ 80. Kc8 Qg4+ 81. Kc7 Qf4+ 82. Kc6
Qa4+ 83. Qb5 Qc2+ 84. Kd6 Qh2+ 85. Qe5 Qf2 86. Ke6 Qf8 87. Qc7 Qe8+ 88. Kf6 1-0

[Event "II Sofia open championship"]
[Site "?"]
[Date "2011.10.08"]
[Round "8.5"]
[White "Stoyanov, Ivaylo"]
[Black "Badev, Kiril"]
[Result "0-1"]
[WhiteElo "2000"]
[BlackElo "2317"]
[PlyCount "84"]
[EventDate "2011.10.03"]
[SourceDate "2011.10.03"]

1. e4 c5 2. Nf3 e6 3. d4 cxd4 4. Nxd4 a6 5. Bd3 Qc7 6. Qe2 d6 7. c4 Nd7 8. O-O
Ne5 9. Nc3 Nf6 10. Kh1 Be7 11. f4 Nxd3 12. Qxd3 Nd7 13. b3 b6 14. Bb2 Bb7 15.
Rac1 Bf6 16. Rfd1 Nc5 17. Qe3 O-O 18. Rc2 Rfe8 19. Nf3 Rad8 20. b4 Nd7 21. Qd3
Nf8 22. Ne2 Bxb2 23. Rxb2 Ng6 24. Rc2 h6 25. Rdc1 Qc8 26. Qe3 Qc6 27. Ng3 Rc8
28. h4 Qc7 29. h5 Nf8 30. c5 dxc5 31. bxc5 bxc5 32. Rxc5 Qb6 33. Qa3 Qd6 34. e5
Qe7 35. Qc3 Bxf3 36. gxf3 Rxc5 37. Qxc5 Qh4+ 38. Kg2 Qxf4 39. Rc2 Rd8 40. Qc3
Nh7 41. Rf2 Ng5 42. Qc7 Rf8 0-1

[Event "II Sofia open championship"]
[Site "?"]
[Date "2011.10.08"]
[Round "8.4"]
[White "Trickov, Vasil"]
[Black "Gochev, Mladen"]
[Result "1-0"]
[WhiteElo "2319"]
[BlackElo "2253"]
[PlyCount "69"]
[EventDate "2011.10.03"]
[SourceDate "2011.10.03"]

1. d4 d5 2. Nf3 e6 3. c4 c5 4. cxd5 exd5 5. Nc3 Nc6 6. Bg5 f6 7. Be3 c4 8. g3
Bb4 9. Bg2 Nge7 10. O-O O-O 11. Ne1 Be6 12. Nc2 Ba5 13. Bd2 b5 14. Nxb5 Rb8 15.
Nc3 Rxb2 16. Na4 Rb8 17. Bf4 Ra8 18. Nc5 Bc8 19. e4 Bb6 20. Qe2 Nxd4 21. Nxd4
Bxc5 22. Rad1 Ng6 23. exd5 Nxf4 24. gxf4 Bxd4 25. Rxd4 Qd6 26. Re1 Bd7 27. Qxc4
Rac8 28. Qb4 Qa6 29. d6 Kh8 30. Bb7 Qxa2 31. Bxc8 Rxc8 32. Qb7 Qf7 33. f5 h6
34. h3 a5 35. Re7 1-0

[Event "II Sofia open championship"]
[Site "?"]
[Date "2011.10.08"]
[Round "8.3"]
[White "Orev, Petar"]
[Black "Filev, Georgi"]
[Result "1/2-1/2"]
[WhiteElo "2204"]
[BlackElo "2350"]
[PlyCount "76"]
[EventDate "2011.10.03"]
[SourceDate "2011.10.03"]

1. Nf3 Nf6 2. c4 g6 3. Nc3 d5 4. d4 Bg7 5. Bg5 Ne4 6. cxd5 Nxg5 7. Nxg5 O-O 8.
Nf3 c6 9. dxc6 Nxc6 10. e3 Qb6 11. Qb3 Qxb3 12. axb3 e5 13. Nxe5 Nxe5 14. dxe5
Bxe5 15. Bc4 a6 16. f4 Bg7 17. Kf2 Be6 18. Bxe6 fxe6 19. Ke2 e5 20. Rhf1 exf4
21. Rxf4 Rxf4 22. exf4 Rc8 23. Kd3 Kf7 24. Re1 Rd8+ 25. Kc2 Rc8 26. Re4 b5 27.
b4 Rc7 28. g4 Rc6 29. g5 Rc7 30. h4 h5 31. Kd3 Rd7+ 32. Ke2 Rd6 33. Nd1 Rc6 34.
Kd2 Rd6+ 35. Kc2 Rc6+ 36. Kb1 Rd6 37. Kc2 Rc6+ 38. Kd2 Rd6+ 1/2-1/2

[Event "II Sofia open championship"]
[Site "?"]
[Date "2011.10.08"]
[Round "8.7"]
[White "Andreev, Stanislav"]
[Black "Kukov, Andrej"]
[Result "1-0"]
[WhiteElo "2201"]
[BlackElo "2027"]
[PlyCount "62"]
[EventDate "2011.10.03"]
[SourceDate "2011.10.03"]

1. d4 d5 2. c4 c6 3. Nc3 Nf6 4. e3 e6 5. Nf3 Be7 6. Qc2 O-O 7. Bd3 dxc4 8. Bxc4
b5 9. Bd3 Bb7 10. e4 h6 11. O-O Nbd7 12. e5 Nd5 13. Nxd5 exd5 14. Qe2 Bc8 15.
e6 Nf6 16. exf7+ Rxf7 17. Ne5 Bd7 18. Nxf7 Kxf7 19. Bf4 Qe8 20. a3 Kg8 21. Rfe1
Bf8 22. Be5 Qf7 23. Bc2 g6 24. h3 Bg7 25. Qd2 Bf5 26. Bxf5 gxf5 27. Bxf6 Qxf6
28. Rad1 Kf7 29. Qf4 Re8 30. Qc7+ Kf8 31. Rxe8+ Kxe8 1-0

[Event "II Sofia open championship"]
[Site "?"]
[Date "2011.10.08"]
[Round "8.11"]
[White "Andreev, Dobrotich"]
[Black "Dyulgerov, Volen"]
[Result "1-0"]
[WhiteElo "2067"]
[BlackElo "1644"]
[PlyCount "49"]
[EventDate "2011.10.03"]
[SourceDate "2011.10.03"]

1. e4 c5 2. Nf3 d6 3. d4 cxd4 4. Nxd4 Nf6 5. Nc3 a6 6. f3 e6 7. Be3 Be7 8. Qd2
O-O 9. g4 Nbd7 10. g5 Ne8 11. O-O-O Ne5 12. Be2 b5 13. f4 Nc4 14. Bxc4 bxc4 15.
f5 Rb8 16. Nc6 Qc7 17. Nxb8 Qxb8 18. f6 gxf6 19. gxf6 Bxf6 20. Rhg1+ Kh8 21.
Bh6 Bg7 22. Bxg7+ Nxg7 23. Rxg7 Kxg7 24. Qg5+ Kh8 25. Qf6+ 1-0

[Event "II Sofia open championship"]
[Site "?"]
[Date "2011.10.08"]
[Round "8.8"]
[White "Stoyanov, Tihomir"]
[Black "Krastev, Goran"]
[Result "0-1"]
[WhiteElo "2190"]
[BlackElo "1972"]
[PlyCount "52"]
[EventDate "2011.10.03"]
[SourceDate "2011.10.03"]

1. e4 c5 2. Nc3 a6 3. b3 b5 4. d4 cxd4 5. Qxd4 Nc6 6. Qe3 e6 7. Bd3 Bb7 8. Nge2
Nf6 9. O-O Qc7 10. h3 Ne5 11. Rd1 Rc8 12. Bb2 Bc5 13. Qd2 h5 14. Qf4 Nxd3 15.
cxd3 Qxf4 16. Nxf4 Bd6 17. Ncd5 Nxd5 18. Nxd5 exd5 19. Bxg7 Rg8 20. Bf6 Be7 21.
Be5 dxe4 22. dxe4 Bxe4 23. Re1 Bxg2 24. Kh2 Bd5 25. Rg1 Rxg1 26. Rxg1 d6 0-1

[Event "II Sofia open championship"]
[Site "?"]
[Date "2011.10.08"]
[Round "8.14"]
[White "Yordanov, Georgi"]
[Black "Bedecs, marton"]
[Result "1/2-1/2"]
[WhiteElo "1695"]
[BlackElo "1706"]
[PlyCount "64"]
[EventDate "2011.10.03"]
[SourceDate "2011.10.03"]

1. e4 c5 2. Nf3 Nc6 3. d4 cxd4 4. Nxd4 Nf6 5. Nc3 e5 6. Ndb5 d6 7. Bg5 a6 8.
Na3 b5 9. Bxf6 Qxf6 10. Nd5 Qd8 11. Be2 Be6 12. O-O Nd4 13. c3 Nxe2+ 14. Qxe2
Bxd5 15. exd5 Be7 16. Nc2 O-O 17. Nb4 f5 18. Nc6 Qd7 19. a4 bxa4 20. Rxa4 a5
21. Rfa1 Bd8 22. b4 Qf7 23. c4 Bb6 24. bxa5 Bc5 25. Rb1 f4 26. Rb3 Rfe8 27. Qe4
Qh5 28. Ra1 Qh4 29. Rf1 h6 30. Rb5 Qg5 31. Kh1 Qh4 32. f3 Qh5 1/2-1/2

[Event "II Sofia open championship"]
[Site "?"]
[Date "2011.10.08"]
[Round "9.2"]
[White "Orev, Petar"]
[Black "Trickov, Vasil"]
[Result "0-1"]
[WhiteElo "2204"]
[BlackElo "2319"]
[PlyCount "58"]
[EventDate "2011.10.03"]
[SourceDate "2011.10.03"]

1. c4 c6 2. d4 d5 3. Nf3 Nf6 4. Nc3 dxc4 5. e4 b5 6. e5 Nd5 7. Nxd5 cxd5 8. Be2
Bg4 9. O-O Nc6 10. Be3 e6 11. h3 Bxf3 12. Bxf3 Be7 13. Be2 a5 14. f4 g6 15. g4
Qb6 16. Kh2 b4 17. Qa4 O-O 18. Qd1 b3 19. axb3 cxb3 20. Rf3 a4 21. f5 Rfc8 22.
Qg1 a3 23. bxa3 b2 24. Rb1 Rxa3 25. fxe6 fxe6 26. g5 Rf8 27. Qg4 Rxf3 28. Bxf3
Nxe5 29. dxe5 Rxe3 0-1

[Event "II Sofia open championship"]
[Site "?"]
[Date "2011.10.09"]
[Round "9.5"]
[White "Gochev, Mladen"]
[Black "Stoyanov, Ivaylo"]
[Result "1-0"]
[WhiteElo "2253"]
[BlackElo "2000"]
[PlyCount "69"]
[EventDate "2011.10.03"]
[SourceDate "2011.10.03"]

1. d4 c5 2. e3 Nf6 3. c4 g6 4. Nc3 Bg7 5. Nf3 O-O 6. Be2 Na6 7. O-O cxd4 8.
exd4 d5 9. c5 Nc7 10. Bf4 Ne6 11. Be5 Ne4 12. Bxg7 Kxg7 13. Re1 Nf4 14. Bf1 Bf5
15. Ne5 f6 16. Nd3 Nxd3 17. Bxd3 Nxc3 18. bxc3 Bxd3 19. Qxd3 b6 20. Re6 Qc7 21.
Rae1 Rf7 22. c6 Rd8 23. c4 dxc4 24. Qxc4 Rd6 25. d5 Rxe6 26. Rxe6 Rf8 27. Qe4
Kf7 28. Qh4 Kg7 29. Qg3 Rc8 30. d6 Qxc6 31. Rxe7+ Kf8 32. h4 Re8 33. Qe3 Rxe7
34. Qxe7+ Kg8 35. Qd8+ 1-0

[Event "II Sofia open championship"]
[Site "?"]
[Date "2011.10.09"]
[Round "9.6"]
[White "Krastev, Goran"]
[Black "Andreev, Stanislav"]
[Result "0-1"]
[WhiteElo "1972"]
[BlackElo "2201"]
[PlyCount "78"]
[EventDate "2011.10.03"]
[SourceDate "2011.10.03"]

1. e4 c6 2. d4 d5 3. e5 Bf5 4. Ne2 e6 5. Ng3 Bg6 6. Be2 c5 7. c3 Qb6 8. Qb3
Qxb3 9. axb3 cxd4 10. cxd4 Ne7 11. O-O Nec6 12. Be3 h5 13. Rc1 Be7 14. Nc3 h4
15. Nf1 O-O 16. Bg4 Na6 17. Ne2 Nab4 18. Nf4 Bh7 19. Rc3 Rfe8 20. g3 hxg3 21.
Nxg3 Bf8 22. Be2 a6 23. Nd3 Nxd3 24. Bxd3 Bxd3 25. Rxd3 Bb4 26. Bd2 Rac8 27.
Kf1 Rc7 28. f4 Rec8 29. Ke2 Be7 30. Nf1 Na7 31. b4 Rc2 32. Ra2 Bxb4 33. Ne3
Rxd2+ 34. Rxd2 Bxd2 35. Kxd2 Nb5 36. Kd3 Rc1 37. b3 Rc3+ 38. Kd2 Rxb3 39. Nc2
Rh3 0-1

[Event "II Sofia open championship"]
[Site "?"]
[Date "2011.10.09"]
[Round "9.7"]
[White "Gocheva, Rumyana"]
[Black "Ljangov, Petar"]
[Result "0-1"]
[WhiteElo "2152"]
[BlackElo "2113"]
[PlyCount "56"]
[EventDate "2011.10.03"]
[SourceDate "2011.10.03"]

1. e4 c5 2. Nf3 e6 3. d3 Nc6 4. Nbd2 d5 5. g3 Bd6 6. Bg2 Nge7 7. O-O O-O 8. Re1
f6 9. exd5 exd5 10. d4 cxd4 11. Nb3 Bb4 12. Re2 Qb6 13. Nbxd4 Bg4 14. Nxc6 bxc6
15. c3 Bc5 16. Qa4 Bh5 17. Bf4 Ng6 18. Rae1 Ne5 19. b4 Bxf3 20. bxc5 Qxc5 21.
Re3 Bxg2 22. Kxg2 Ng6 23. Re6 Rfc8 24. Be3 Qb5 25. Qc2 Qc4 26. h4 Qg4 27. Bc1
Nxh4+ 28. Kf1 Qh3+ 0-1

[Event "II Sofia open championship"]
[Site "?"]
[Date "2011.10.09"]
[Round "9.11"]
[White "Tsekov, Milen"]
[Black "Miteva, Silvena"]
[Result "1/2-1/2"]
[WhiteElo "2158"]
[BlackElo "1676"]
[PlyCount "37"]
[EventDate "2011.10.03"]
[SourceDate "2011.10.03"]

1. Nf3 d5 2. g3 Nf6 3. Bg2 Bg4 4. O-O e6 5. c4 c6 6. d3 dxc4 7. dxc4 Qxd1 8.
Rxd1 Nbd7 9. Nc3 O-O-O 10. Bf4 Bc5 11. a3 a5 12. b4 Bb6 13. b5 Bc7 14. bxc6
bxc6 15. Nd4 Bxf4 16. gxf4 Nb6 17. Nxc6 Rxd1+ 18. Rxd1 Nxc4 19. Ne7+ 1/2-1/2

[Event "II Sofia open championship"]
[Site "?"]
[Date "2011.10.09"]
[Round "9.8"]
[White "Stamenov, Valeriy"]
[Black "Andreev, Dobrotich"]
[Result "0-1"]
[WhiteElo "1938"]
[BlackElo "2067"]
[PlyCount "62"]
[EventDate "2011.10.03"]
[SourceDate "2011.10.03"]

1. e4 c6 2. d4 d5 3. exd5 cxd5 4. Bd3 Nc6 5. c3 g6 6. Nf3 Bf5 7. Bxf5 gxf5 8.
Bf4 e6 9. Nbd2 Nf6 10. h3 Rg8 11. Ne5 Nxe5 12. dxe5 Nd7 13. g3 Qb6 14. Nb3 Qa6
15. Kd2 Nb6 16. Re1 Nc4+ 17. Kc2 b5 18. Qd4 Rc8 19. Be3 Rc7 20. Qh4 b4 21. Bd4
bxc3 22. Bxc3 h6 23. Qd4 Qa4 24. Qd1 Bb4 25. Kb1 Na3+ 26. bxa3 Bxc3 27. Qc2 Rc4
28. Qe2 Bxe1 29. Qxe1 Kd7 30. Kb2 Rgc8 31. Rd1 Rc2+ 0-1

[Event "II Sofia open championship"]
[Site "?"]
[Date "2011.10.09"]
[Round "9.4"]
[White "Banov, Boil"]
[Black "Spassov, Liuben"]
[Result "1/2-1/2"]
[WhiteElo "2127"]
[BlackElo "2367"]
[PlyCount "95"]
[EventDate "2011.10.03"]
[SourceDate "2011.10.03"]

1. c4 e6 2. g3 d5 3. Bg2 Nf6 4. d4 Bb4+ 5. Bd2 Be7 6. Nf3 c6 7. Qc2 Nbd7 8. O-O
O-O 9. Bg5 h6 10. Bf4 b6 11. Nbd2 Nh5 12. cxd5 cxd5 13. Bc7 Qe8 14. Qa4 Bb7 15.
Rac1 Nb8 16. Qxe8 Rxe8 17. g4 Nf6 18. h3 Nc6 19. Bf4 Rec8 20. Rfd1 g5 21. Bg3
a5 22. Bf1 Ne4 23. Nxe4 dxe4 24. Ne5 Nxe5 25. Bxe5 Bd5 26. Rc7 Bd8 27. Rxc8
Rxc8 28. a3 f6 29. Bg3 Be7 30. h4 Rc2 31. b4 axb4 32. axb4 Bxb4 33. Rb1 Ba5 34.
e3 Kf7 35. hxg5 hxg5 36. Kg2 Bc4 37. Bxc4 Rxc4 38. f3 Rc2+ 39. Bf2 exf3+ 40.
Kxf3 Ke7 41. Be1 Bxe1 42. Rxe1 Rb2 43. Rh1 b5 44. Rh7+ Kd6 45. Rf7 b4 46. Rxf6
b3 47. Ke4 Ra2 48. Rf1 1/2-1/2

[Event "II Sofia open championship"]
[Site "?"]
[Date "2011.10.09"]
[Round "9.12"]
[White "Kukov, Andrej"]
[Black "Yordanov, Georgi"]
[Result "0-1"]
[WhiteElo "2027"]
[BlackElo "1695"]
[PlyCount "44"]
[EventDate "2011.10.03"]
[SourceDate "2011.10.03"]

1. d4 d5 2. Nf3 Nf6 3. Bf4 Bf5 4. e3 e6 5. Bd3 Bg6 6. O-O Bd6 7. Ne5 Bxe5 8.
Bxe5 Nbd7 9. Bg3 Nh5 10. c4 Nxg3 11. hxg3 c6 12. cxd5 exd5 13. Nc3 Nf6 14. Re1
O-O 15. Bxg6 hxg6 16. e4 dxe4 17. Nxe4 Re8 18. Nxf6+ Qxf6 19. Rxe8+ Rxe8 20. d5
Rd8 21. Qf3 Rxd5 22. Qxf6 gxf6 0-1